| 000 | 01178nam a2200313Ia 4500 | ||
|---|---|---|---|
| 001 | ebr10054310 | ||
| 003 | CaPaEBR | ||
| 006 | m u | ||
| 007 | cr cn||||||||| | ||
| 008 | 031215s2003 ohua s 001 0 eng d | ||
| 020 | _z1592000444 | ||
| 040 |
_aCaPaEBR _cCaPaEBR |
||
| 035 | _a(OCoLC)70773484 | ||
| 050 | 1 | 4 |
_aQA76.76.O63 _bB83 2003eb |
| 100 | 1 | _aBucki, Lisa. | |
| 245 | 1 | 0 |
_aMac OS X version 10.2 Jaguar fast & easy _h[electronic resource] / _cLisa A. Bucki. |
| 246 | 3 | _aMac OS X version 10.2 Jaguar fast and easy | |
| 260 |
_aCincinatti, OH : _bPremier Press, _cc2003. |
||
| 300 |
_axx, 460 p. : _bill. |
||
| 490 | 1 | _aFast & easy | |
| 500 | _aIncludes index. | ||
| 533 |
_aElectronic reproduction. _bPalo Alto, Calif. : _cebrary, _d2009. _nAvailable via World Wide Web. _nAccess may be limited to ebrary affiliated libraries. |
||
| 650 | 0 | _aOperating systems (Computers) | |
| 650 | 0 |
_aMacintosh (Computer) _xProgramming. |
|
| 655 | 7 |
_aElectronic books. _2local |
|
| 710 | 2 | _aebrary, Inc. | |
| 830 | 0 | _aFast & easy. | |
| 856 | 4 | 0 |
_uhttp://site.ebrary.com/lib/rucke/Doc?id=10054310 _zAn electronic book accessible through the World Wide Web; click to view |
| 999 |
_c65302 _d65302 |
||